[Event "ICS rated blitz match"]
[Site "204.178.125.65"]
[Date "1999.12.09"]
[Round "?"]
[White "Hossa"]
[Black "Beadle"]
[Result "0-1"]
[WhiteElo "2531"]
[BlackElo "2612"]
[PlyCount "116"]

1. d4 Nf6 2. e4 Nxe4 3. Nc3 Nxc3 4. bxc3 d5 5. Bg5 c5 6. dxc5 Qa5 7. Bd2 Qxc5
8. Nf3 g6 9. Rb1 Bg7 10. Rb5 Qd6 11. Bd3 a6 12. Rb3 b5 13. O-O Nc6 14. Bc1 Na5
15. Ra3 Nc4 16. Bxc4 bxc4 17. Ra5 Be6 18. Ba3 Qc7 19. Rc5 Qd7 20. Nd4 Be5 21.
Bb4 Rc8 22. Rxc8+ Qxc8 23. Re1 Qc7 24. Kh1 Bxd4 25. Qxd4 O-O 26. Qh4 Re8 27.
Qh6 a5 28. Ba3 Bf5 29. Qd2 e6 30. f3 h5 31. Rb1 Rb8 32. Rc1 Rb5 33. Rd1 f6 34.
Re1 e5 35. Qh6 Rb8 36. Qd2 Qc6 37. Rc1 Kh7 38. Kg1 Rb5 39. Rd1 Qb6+ 40. Kh1 Qb7
41. Qc1 g5 42. Re1 g4 43. fxg4 hxg4 44. Bf8 Kg8 45. Bh6 Rb2 46. Rf1 Bxc2 47.
Qe1 Be4 48. Rg1 Rxa2 49. Qd1 f5 50. Qc1 d4 51. Qf1 d3 52. Be3 g3 53. h4 f4 54.
Bd2 Qe7 55. Qxf4 exf4 56. Rd1 Qxh4+ 57. Kg1 Qh2+ 58. Kf1 Qh1# 0-1

[Event "ICS rated bullet match"]
[Site "204.178.125.65"]
[Date "1999.12.09"]
[Round "?"]
[White "Hossa"]
[Black "hamsi"]
[Result "1-0"]
[WhiteElo "2546"]
[BlackElo "2132"]
[PlyCount "71"]

1. e4 e6 2. d4 d5 3. Nc3 Nf6 4. e5 Nfd7 5. Nce2 c5 6. Nf3 Nc6 7. c3 Qb6 8. a3
cxd4 9. cxd4 f6 10. exf6 Nxf6 11. Nc3 Bd6 12. Bd3 O-O 13. Be3 Bd7 14. O-O Rae8
15. Qe2 a6 16. Rac1 g6 17. Na4 Qc7 18. Rfe1 Bf4 19. Nc5 Bc8 20. Nxa6 Bxe3 21.
Nxc7 Bxc1 22. Nxe8 Nxe8 23. Rxc1 Bd7 24. Bb5 Nd6 25. Bxc6 bxc6 26. Ne5 Be8 27.
Nxc6 Bxc6 28. Qxe6+ Nf7 29. Rxc6 Kg7 30. Rc7 h6 31. Qe5+ Kg8 32. Qf6 h5 33.
Qxg6+ Kh8 34. h4 Rg8 35. Qxh5+ Kg7 36. Rxf7# 1-0

[Event "ICS rated bullet match"]
[Site "204.178.125.65"]
[Date "1999.12.09"]
[Round "?"]
[White "hamsi"]
[Black "Hossa"]
[Result "0-1"]
[WhiteElo "2129"]
[BlackElo "2549"]
[PlyCount "72"]

1. e3 g6 2. Nf3 Bg7 3. d4 Nf6 4. Bd3 Nc6 5. b3 O-O 6. Bb2 d6 7. Nbd2 Re8 8. e4
e5 9. d5 Nb4 10. O-O c6 11. a3 Nxd3 12. cxd3 cxd5 13. h3 Be6 14. b4 Rc8 15. Rc1
Rxc1 16. Qxc1 Qb6 17. Qe1 Qc6 18. Qc1 Qb5 19. Qb1 Rc8 20. exd5 Qxd5 21. Ne4 Bf5
22. Nfd2 Rc7 23. f3 Rc8 24. Kh2 Nd7 25. g4 Be6 26. g5 Bf5 27. h4 b5 28. Rc1
Rxc1 29. Qxc1 Qxd3 30. Qc7 d5 31. Qd8+ Nf8 32. h5 gxh5 33. g6 hxg6 34. Ng5
Qxd2+ 35. Kg3 h4+ 36. Kxh4 Qf2# 0-1

[Event "ICS rated bullet match"]
[Site "204.178.125.65"]
[Date "1999.12.09"]
[Round "?"]
[White "Hossa"]
[Black "hamsi"]
[Result "1-0"]
[WhiteElo "2552"]
[BlackElo "2126"]
[PlyCount "43"]

1. e4 d6 2. d4 Nf6 3. Nc3 c6 4. Nf3 g6 5. Bd3 Bg7 6. e5 dxe5 7. dxe5 Nd5 8. Be4
Be6 9. O-O Nxc3 10. Qxd8+ Kxd8 11. bxc3 h6 12. Ba3 Nd7 13. Rfd1 Ke8 14. Nd4
Bxe5 15. Nxe6 fxe6 16. Bxg6+ Kd8 17. Rd3 Rg8 18. Rad1 Rxg6 19. Rxd7+ Ke8 20.
Rxe7+ Kf8 21. Rxe6+ Kf7 22. Rxe5 1-0

[Event "ICS Rated blitz match"]
[Site "204.178.125.65"]
[Date "1999.12.09"]
[Round "?"]
[White "Hossa"]
[Black "matielka"]
[Result "1-0"]
[WhiteElo "2519"]
[BlackElo "2184"]
[PlyCount "135"]

1. d4 Nf6 2. c4 g6 3. Nc3 d6 4. e4 Bg7 5. Nf3 O-O 6. Bg5 h6 7. Bh4 Nc6 8. d5
Nb8 9. Be2 Nbd7 10. O-O e5 11. b4 Qe8 12. Nb5 Qd8 13. Bd3 a6 14. Nc3 Qe8 15.
Qd2 Nh7 16. Rae1 g5 17. Bg3 Ndf6 18. Bc2 Nh5 19. c5 Bg4 20. Qe2 Qd8 21. h3 Bxf3
22. Qxf3 Nf4 23. a3 Qf6 24. Qe3 Qg6 25. Qd2 h5 26. Rd1 h4 27. Bh2 g4 28. hxg4
Qxg4 29. f3 Qg5 30. Bxf4 exf4 31. cxd6 cxd6 32. Ne2 Be5 33. Kf2 h3 34. gxh3
Qh4+ 35. Kg2 Kh8 36. Qe1 Rg8+ 37. Kh2 Qh5 38. Ba4 Ng5 39. Ng1 Nxh3 40. Nxh3 Rg3
41. Bd7 Rag8 42. Qe2 Rxh3+ 43. Bxh3 Rg3 44. Qg2 Rxg2+ 45. Kxg2 Qh4 46. Rd2 Kg7
47. Bc8 Kf6 48. Rff2 Bc3 49. Rd3 Be1 50. Rb2 Qg3+ 51. Kf1 Qh4 52. Kg1 Bg3 53.
Bxb7 Ke7 54. Bxa6 Qf6 55. Rc2 Qa1+ 56. Kg2 f5 57. exf5 Qb1 58. Rdc3 Kf6 59. Bc8
Bh4 60. Rc6 Qe1 61. Rxd6+ Ke5 62. Re6+ Kd4 63. Rxe1 Bxe1 64. d6 Bxb4 65. axb4
Ke5 66. d7 Kxf5 67. d8=Q+ Ke5 68. Re2# 1-0

[Event "ICS rated blitz match"]
[Site "204.178.125.65"]
[Date "1999.12.09"]
[Round "?"]
[White "brutus"]
[Black "Hossa"]
[Result "0-1"]
[WhiteElo "2115"]
[BlackElo "2523"]
[PlyCount "72"]

1. e4 e5 2. Nf3 Nc6 3. Bb5 a6 4. Ba4 d6 5. d3 Nf6 6. O-O Be7 7. Bg5 O-O 8. Bxc6
bxc6 9. c4 Rb8 10. b3 Bg4 11. Nc3 Qd7 12. Qe2 c5 13. Bxf6 Bxf6 14. h3 Be6 15.
Nd5 Bd8 16. Qe3 c6 17. Nc3 f5 18. Ne1 Ba5 19. Ne2 fxe4 20. dxe4 Qe7 21. Rd1
Rbe8 22. Nd3 Bc7 23. f3 a5 24. Nc3 Rf7 25. Na4 Bd7 26. Kh1 Ref8 27. Rfe1 Bxh3
28. Nf2 Be6 29. Rd2 Qh4+ 30. Kg1 Qg3 31. Nh1 Qg6 32. Rf1 Bh3 33. Nc3 Bg4 34.
Rdf2 Bd7 35. Rd2 Bd8 36. Kh2 Bg5 0-1

[Event "ICS rated blitz match"]
[Site "204.178.125.65"]
[Date "1999.12.09"]
[Round "?"]
[White "Hossa"]
[Black "brutus"]
[Result "1-0"]
[WhiteElo "2526"]
[BlackElo "2112"]
[PlyCount "31"]

1. e4 e6 2. d4 d5 3. Nc3 Nf6 4. e5 Nfd7 5. Nce2 c5 6. Nf3 Nc6 7. c3 cxd4 8.
cxd4 Nb6 9. Nc3 Bd7 10. Bd3 Be7 11. Nb5 a6 12. Nd6+ Bxd6 13. exd6 Nb4 14. Bb1
Bc6 15. a3 Ba4 16. b3 1-0

[Event "ICS rated blitz match"]
[Site "204.178.125.65"]
[Date "1999.12.09"]
[Round "?"]
[White "brutus"]
[Black "Hossa"]
[Result "0-1"]
[WhiteElo "2109"]
[BlackElo "2529"]
[PlyCount "32"]

1. e4 e5 2. Nf3 Nc6 3. Bb5 a6 4. Ba4 d6 5. O-O Nf6 6. c3 Nxe4 7. d4 exd4 8. Re1
d5 9. Nxd4 Bd7 10. f3 Nxd4 11. Bxd7+ Kxd7 12. fxe4 Nb5 13. Qg4+ Kc6 14. exd5+
Qxd5 15. c4 Qd4+ 16. Qxd4 Nxd4 0-1

[Event "ICS rated blitz match"]
[Site "204.178.125.65"]
[Date "1999.12.09"]
[Round "?"]
[White "Hossa"]
[Black "brutus"]
[Result "1-0"]
[WhiteElo "2532"]
[BlackElo "2106"]
[PlyCount "69"]

1. e4 e6 2. d4 d6 3. Bd3 d5 4. Qe2 dxe4 5. Qxe4 Nf6 6. Qe3 Bd7 7. Nf3 Bc6 8.
O-O Nbd7 9. c4 Bxf3 10. Qxf3 c6 11. Re1 Be7 12. Nc3 O-O 13. Be3 Qa5 14. a3 Rfd8
15. b4 Qh5 16. Qxh5 Nxh5 17. Ne4 Nhf6 18. Rab1 Nxe4 19. Bxe4 Nf6 20. Bf3 Rd7
21. Re2 Rad8 22. Rbe1 Bf8 23. g4 g6 24. h4 Ne8 25. h5 Nc7 26. h6 Bd6 27. b5
cxb5 28. c5 Bf8 29. Bxb7 a6 30. Kh2 Rb8 31. Bc6 Rdd8 32. Bf4 Nd5 33. Bxb8 Rxb8
34. Bxd5 exd5 35. Re8 1-0

[Event "ICS rated blitz match"]
[Site "204.178.125.65"]
[Date "1999.12.09"]
[Round "?"]
[White "Hossa"]
[Black "xandre"]
[Result "1-0"]
[WhiteElo "2535"]
[BlackElo "2235"]
[PlyCount "55"]

1. e4 c5 2. c3 Nf6 3. e5 Nd5 4. d4 cxd4 5. cxd4 e6 6. Nf3 d6 7. Bc4 Nb6 8. Bd3
dxe5 9. dxe5 Nc6 10. Nc3 Be7 11. O-O O-O 12. Qc2 g6 13. Qe2 Nb4 14. Rd1 Nxd3
15. Rxd3 Nd5 16. Bh6 Re8 17. Qd2 Bb4 18. Qd1 Qa5 19. Nxd5 exd5 20. Rxd5 Qa6 21.
Ng5 Bf5 22. Qb3 Be7 23. Rd6 Be6 24. Rxe6 fxe6 25. Nxe6 Kh8 26. Nc7 Qe2 27. Nxe8
Bc5 28. Bg7# 1-0

[Event "ICS rated standard match"]
[Site "204.178.125.65"]
[Date "1999.12.09"]
[Round "?"]
[White "Hossa"]
[Black "canalla"]
[Result "0-1"]
[WhiteElo "2222"]
[BlackElo "2305"]
[PlyCount "124"]

1. e4 c6 2. d4 d5 3. Nd2 dxe4 4. Nxe4 Bf5 5. Ng3 Bg6 6. h4 h6 7. Nf3 Nd7 8. h5
Bh7 9. Bd3 Bxd3 10. cxd3 Ngf6 11. O-O e6 12. Bf4 Qb6 13. Qb3 Qxb3 14. axb3 Bb4
15. Rfd1 O-O 16. Bd2 a5 17. Bxb4 axb4 18. Rdc1 Nd5 19. Ra4 Nf4 20. Ne1 Nb6 21.
Raa1 Rfd8 22. Kf1 f5 23. Ne2 Nxh5 24. Nf3 g5 25. Ne5 Kg7 26. g3 Nf6 27. Kg2 Ng4
28. Rxa8 Rxa8 29. Nc4 Nd5 30. Nd6 Ra2 31. Rb1 b5 32. Nc1 Ra8 33. Ne2 Kf8 34.
Nb7 Ke7 35. Nc5 Ra2 36. Nc1 Ra7 37. Ne2 Kd6 38. Kf3 Ra2 39. Nc1 Ra8 40. Ne2 Ra7
41. Rc1 Ra2 42. Rc2 Ra1 43. Nc1 Ra7 44. Ne2 h5 45. Rc1 h4 46. Ng1 hxg3 47. Kxg3
Nf4 48. f3 Ne3 49. d5 Nexd5 50. d4 Ra2 51. Rb1 Nc3 52. Rf1 Rxb2 53. Rf2 Rxf2
54. Kxf2 e5 55. Nb7+ Kc7 56. Nc5 exd4 57. Na6+ Kb6 58. Nxb4 c5 59. Nc2 d3 60.
Ne3 d2 61. Kf1 Kc6 62. Kf2 Nd3+ 0-1

[Event "ICS rated blitz match"]
[Site "204.178.125.65"]
[Date "1999.12.09"]
[Round "?"]
[White "PostModernist"]
[Black "Hossa"]
[Result "0-1"]
[WhiteElo "2591"]
[BlackElo "2535"]
[PlyCount "132"]

1. d4 Nf6 2. c4 c6 3. Nc3 d5 4. Nf3 g6 5. Bf4 dxc4 6. a4 Nd5 7. Bxb8 Nxc3 8.
bxc3 Rxb8 9. e3 Qa5 10. Qc2 Bf5 11. Qb2 Qb6 12. Qxb6 axb6 13. Bxc4 Ra8 14. Ng5
e6 15. e4 Bh6 16. exf5 Bxg5 17. fxe6 fxe6 18. Bxe6 Kd8 19. Kd1 Rf8 20. h4 Be7
21. Ke2 Rf4 22. Bg8 h5 23. g3 Rf8 24. Bb3 Kd7 25. Rhe1 Rae8 26. Kf1 Rf3 27. Re3
Ref8 28. Rxf3 Rxf3 29. Rc1 Bb4 30. Ke2 Rxc3 31. Rxc3 Bxc3 32. Bf7 Bxd4 33. Bxg6
Kd6 34. Bxh5 Kc5 35. Bg4 Kb4 36. f4 Kxa4 37. Bc8 c5 38. h5 b5 39. Bxb7 c4 40.
h6 Kb3 41. Be4 c3 42. Kd1 Kb2 43. h7 b4 44. h8=Q Bxh8 45. Ke2 b3 46. Kf3 c2 47.
g4 c1=Q 48. g5 Qh1+ 49. Ke3 Bd4+ 50. Kxd4 Qxe4+ 51. Kxe4 Kc3 52. f5 b2 53. Ke5
Kc4 54. f6 b1=Q 55. f7 Qa1+ 56. Kf5 Kd5 57. g6 Qe5+ 58. Kg4 Qf6 59. Kh3 Qf5+
60. Kh4 Ke4 61. Kg3 Qxg6+ 62. Kh2 Qxf7 63. Kg2 Kf4 64. Kf1 Kf3 65. Ke1 Qd7 66.
Kf1 Qd1# 0-1

[Event "ICS rated blitz match"]
[Site "204.178.125.65"]
[Date "1999.12.09"]
[Round "?"]
[White "Hossa"]
[Black "PostModernist"]
[Result "0-1"]
[WhiteElo "2554"]
[BlackElo "2572"]
[PlyCount "148"]

1. e4 c5 2. c3 d5 3. exd5 Qxd5 4. d4 Nf6 5. Nf3 e6 6. Bd3 Be7 7. c4 Qh5 8. dxc5
O-O 9. b4 Nc6 10. a3 a5 11. Be2 axb4 12. Ng5 Qh4 13. Nf3 Qg4 14. O-O Bxc5 15.
h3 Qg6 16. Bd3 Qg3 17. Bb2 Qf4 18. axb4 Rxa1 19. Bxa1 Nxb4 20. Be5 Qh6 21. Be2
Nc6 22. Bc7 Bd7 23. Qb3 b6 24. Nbd2 Rc8 25. Bxb6 Rb8 26. Bxc5 Rxb3 27. Nxb3 Qg6
28. Ra1 e5 29. Ra8+ Ne8 30. Nfd2 f5 31. Nf3 f4 32. Nfd2 e4 33. Bg4 Bxg4 34.
hxg4 h6 35. Ra6 Nc7 36. Rb6 Qe8 37. Kh1 Nd8 38. Rd6 Nb7 39. Rb6 Nxc5 40. Nxc5
e3 41. fxe3 fxe3 42. Nf3 e2 43. Ne1 Qf7 44. Ncd3 Qxc4 45. Rb7 Nd5 46. Nf2 Nb4
47. Rb8+ Kh7 48. Re8 Qc1 49. Rxe2 Qc4 50. Re7 Qf1+ 51. Kh2 Qxf2 52. Nf3 Nc2 53.
Rf7 Kg8 54. Re7 Ne3 55. Rxe3 Qxe3 56. Kh3 g5 57. Kh2 Qf4+ 58. Kg1 h5 59. gxh5
g4 60. Kf2 Kh7 61. Ke2 gxf3+ 62. gxf3 Kh6 63. Kd3 Qxf3+ 64. Kd4 Kxh5 65. Kc5
Qc3+ 66. Kd5 Qb4 67. Ke5 Qc4 68. Kd6 Kg5 69. Ke5 Qd3 70. Ke6 Qd4 71. Ke7 Qd5
72. Kf8 Kf6 73. Ke8 Qd2 74. Kf8 Qd8# 0-1

[Event "ICS rated blitz match"]
[Site "204.178.125.65"]
[Date "1999.12.09"]
[Round "?"]
[White "Hossa"]
[Black "star"]
[Result "0-1"]
[WhiteElo "2539"]
[BlackElo "2311"]
[PlyCount "90"]

1. d4 d5 2. Nf3 e6 3. e3 Nf6 4. Bd3 c5 5. O-O Nc6 6. c4 Be7 7. Nc3 O-O 8. Re1
a6 9. b3 cxd4 10. exd4 Bb4 11. Bb2 Qd6 12. Qd2 dxc4 13. bxc4 Rd8 14. Red1 b6
15. Qc2 Bb7 16. d5 Ne7 17. a3 Bc5 18. Na4 exd5 19. Nxc5 bxc5 20. Bxf6 Qxf6 21.
Rab1 Rab8 22. cxd5 Bxd5 23. Rxb8 Rxb8 24. Bxh7+ Kh8 25. Be4 Rb2 26. Qd3 c4 27.
Qe3 Bxe4 28. Qxe4 c3 29. Re1 Ng6 30. Qg4 Nf4 31. Ng5 g6 32. Qh4+ Nh5 33. a4 c2
34. Qg4 Rb1 35. Qe4 Qxg5 36. Rxb1 c1=Q+ 37. Qe1 Nf4 38. g3 Nh3+ 39. Kf1 Qc4+
40. Qe2 Qf5 41. Rb8+ Kg7 42. f4 Qfc5 43. Rg8+ Kxg8 44. Ke1 Qc1+ 45. Qd1 Qf2#
0-1

[Event "ICS rated standard match"]
[Site "204.178.125.65"]
[Date "1999.12.09"]
[Round "?"]
[White "MissSilicon"]
[Black "Hossa"]
[Result "0-1"]
[WhiteElo "2434"]
[BlackElo "2220"]
[PlyCount "118"]

1. e4 c5 2. Nf3 Nc6 3. d4 cxd4 4. Nxd4 Nf6 5. Nc3 e5 6. Ndb5 d6 7. Nd5 Nxd5 8.
exd5 Ne7 9. c4 Nf5 10. Bd3 Be7 11. O-O a6 12. Nc3 O-O 13. Ne2 Bd7 14. f4 f6 15.
Qc2 Qb6+ 16. Kh1 g6 17. Bd2 Rac8 18. b4 Qa7 19. a4 Rc7 20. Qb3 Nd4 21. Qc3 Nxe2
22. Bxe2 Qd4 23. Qxd4 exd4 24. b5 Re8 25. Bd3 Bf5 26. Ba5 Rc5 27. Bxf5 gxf5 28.
Bb6 Rxc4 29. bxa6 bxa6 30. Rad1 Rxa4 31. Rxd4 Ra2 32. Rd3 Bf8 33. Rc1 h6 34.
Kg1 Ree2 35. Rg3+ Kf7 36. Be3 a5 37. Kf1 a4 38. Rc7+ Be7 39. Rc3 h5 40. h4 Bd8
41. Rc1 Reb2 42. Kg1 Be7 43. Kh2 Rc2 44. Rxc2 Rxc2 45. Ba7 Rc4 46. Rf3 Bd8 47.
g3 Ba5 48. Ra3 Bc3 49. Bb8 Ke7 50. Ba7 Bb2 51. Ra2 a3 52. Be3 Rc2+ 53. Kg1 Re2
54. Bf2 Rd2 55. Kg2 Rd1 56. Kf3 Ra1 57. Rxa3 Rxa3+ 58. Ke2 Ra5 59. Kd3 Rxd5+
0-1

[Event "ICS rated blitz match"]
[Site "204.178.125.65"]
[Date "1999.12.10"]
[Round "?"]
[White "HelterSkelter"]
[Black "Hossa"]
[Result "1-0"]
[WhiteElo "2560"]
[BlackElo "2514"]
[PlyCount "177"]

1. e4 c5 2. Nf3 Nc6 3. d4 cxd4 4. Nxd4 Nf6 5. Nc3 e5 6. Ndb5 d6 7. Bg5 a6 8.
Na3 Be7 9. Bxf6 Bxf6 10. Nc4 Nd4 11. Nd5 Bg4 12. f3 Bh4+ 13. Kd2 Bg5+ 14. Ke1
Bh5 15. c3 Bh4+ 16. Kd2 Bg5+ 17. Kd3 Nb5 18. h4 Bxh4 19. g3 Bxg3 20. Rxh5 g6
21. Rh6 Bf4 22. Nxf4 Qg5 23. Nxg6 fxg6 24. Qd2 Qxd2+ 25. Kxd2 O-O 26. Be2 Rad8
27. Rah1 Rd7 28. Nb6 Rg7 29. Bc4+ Kh8 30. Ke3 Nc7 31. Bb3 Ne8 32. a3 Nf6 33.
Rd1 Rd8 34. Rg1 Rf8 35. Nc4 Ne8 36. Rg5 b6 37. a4 b5 38. axb5 axb5 39. Nd2 Nc7
40. Rg1 Rf6 41. Rgh1 Rd7 42. c4 b4 43. Ba4 Rdf7 44. Bc6 Rg7 45. Ra1 Ne6 46. Bd5
Rc7 47. Ra8+ Kg7 48. Rh1 Rf8 49. Ra6 Nf4 50. Rxd6 Ng2+ 51. Kf2 Nf4 52. Rb6 Ra7
53. Ke3 Ng2+ 54. Kd3 Nf4+ 55. Kc2 Ne2 56. Kb3 Nf4 57. Kxb4 Rc7 58. b3 Rd7 59.
Rd1 Rfd8 60. Ka3 Rc7 61. b4 Rcd7 62. b5 h5 63. Kb3 h4 64. Rh1 h3 65. Rh2 Re7
66. Ra6 Red7 67. b6 Rc8 68. Ra7 Rcd8 69. Rxd7+ Rxd7 70. b7 Rd8 71. c5 Nd3 72.
c6 Nc5+ 73. Kc4 Na6 74. Kb5 Nc7+ 75. Kb6 Na8+ 76. bxa8=Q Rxa8 77. c7 Re8 78.
Bb7 Kf6 79. Kc5 Ke7 80. c8=Q Rxc8+ 81. Bxc8 Kd8 82. Bxh3 Ke7 83. Nc4 Kf6 84.
Kd6 g5 85. Nxe5 Kg7 86. Ke7 Kg8 87. Kf6 g4 88. Bxg4 Kf8 89. Rh8# 1-0

[Event "ICS rated standard match"]
[Site "204.178.125.65"]
[Date "1999.12.10"]
[Round "?"]
[White "Hossa"]
[Black "Llooser"]
[Result "1-0"]
[WhiteElo "2245"]
[BlackElo "1936"]
[PlyCount "59"]

1. e4 d6 2. d4 e5 3. dxe5 dxe5 4. Qxd8+ Kxd8 5. Nc3 Be6 6. f4 Bd6 7. f5 Bd7 8.
Be3 c6 9. Nf3 f6 10. O-O-O Kc7 11. g4 b5 12. g5 Na6 13. a4 Bc5 14. Bxc5 Nxc5
15. axb5 cxb5 16. Bxb5 Bxb5 17. Nxb5+ Kb6 18. Nd6 Ne7 19. Rhg1 Nc8 20. gxf6
gxf6 21. Rg7 Nxd6 22. Rxd6+ Kb5 23. Rxf6 Nxe4 24. Re6 Rae8 25. Rb7+ Kc5 26. b4+
Kd5 27. Rd7+ Kc4 28. Nxe5+ Kxb4 29. Rd4+ Kc3 30. Rc4# 1-0

[Event "ICS rated standard match"]
[Site "204.178.125.65"]
[Date "1999.12.10"]
[Round "?"]
[White "Islandoasis"]
[Black "Hossa"]
[Result "0-1"]
[WhiteElo "2021"]
[BlackElo "2250"]
[PlyCount "34"]

1. e4 e5 2. Nf3 Nc6 3. Bb5 a6 4. Ba4 d6 5. d4 b5 6. Bb3 Bb7 7. Bxf7+ Kxf7 8.
Ng5+ Kg6 9. f4 Nxd4 10. f5+ Kf6 11. Qh5 Qe8 12. Nxh7+ Ke7 13. Bg5+ Nf6 14. Qh4
Kf7 15. Bxf6 Nxc2+ 16. Kd2 Nxa1 17. Bg5 Kg8 0-1

[Event "ICS rated blitz match"]
[Site "204.178.125.65"]
[Date "1999.12.10"]
[Round "?"]
[White "Hossa"]
[Black "lakerda"]
[Result "1-0"]
[WhiteElo "2500"]
[BlackElo "2182"]
[PlyCount "49"]

1. e4 d6 2. d4 e5 3. dxe5 dxe5 4. Qxd8+ Kxd8 5. Nc3 Bd6 6. Bc4 Be6 7. Bxe6 fxe6
8. Nf3 Nf6 9. Ng5 Ke7 10. O-O Nc6 11. f3 Bc5+ 12. Kh1 Nd4 13. Be3 Bb6 14. Rac1
a6 15. f4 h6 16. fxe5 hxg5 17. Bxg5 Raf8 18. exf6+ gxf6 19. Rxf6 Rxf6 20. e5
Rh5 21. Bxf6+ Kf7 22. g4 Rh7 23. h4 Nf3 24. h5 Bd4 25. Ne4 1-0

[Event "ICS Rated standard match"]
[Site "204.178.125.65"]
[Date "1999.12.10"]
[Round "?"]
[White "Hossa"]
[Black "bkahuna"]
[Result "1/2-1/2"]
[WhiteElo "2252"]
[BlackElo "2226"]
[PlyCount "137"]

1. e4 c5 2. Nf3 Nc6 3. d4 cxd4 4. Nxd4 g6 5. Nc3 Bg7 6. Be3 Nf6 7. Bc4 O-O 8.
Bb3 d6 9. f3 Bd7 10. Nxc6 Bxc6 11. Qd2 b5 12. O-O a5 13. Bh6 Bxh6 14. Qxh6 Qb6+
15. Rf2 a4 16. Bd5 b4 17. Bxc6 Qxc6 18. Nb1 a3 19. bxa3 bxa3 20. Nd2 Qxc2 21.
Nb3 Qd3 22. Rc1 Rfc8 23. Rff1 Nd7 24. Rfe1 Rc2 25. Rxc2 Qxc2 26. Nc1 Rb8 27.
Kh1 Rb1 28. h3 Ne5 29. Qe3 Nc4 30. Qg1 Nb2 31. Nb3 Rxe1 32. Qxe1 Qd1 33. Qg1
Qxg1+ 34. Kxg1 Nd3 35. Nd4 Nb4 36. Nb5 Nxa2 37. Kf2 Nb4 38. Nxa3 Kg7 39. Ke3
Kf6 40. Nb5 Nc6 41. f4 Ke6 42. Nc7+ Kd7 43. Nd5 h5 44. g4 hxg4 45. hxg4 e6 46.
Nf6+ Ke7 47. Ng8+ Kf8 48. Nf6 Ne7 49. Kd4 Ng8 50. Nxg8 Kxg8 51. Kc3 Kf8 52. Kd3
Ke7 53. Kc4 Kd7 54. g5 Kc6 55. Kd3 d5 56. Kd4 dxe4 57. Kxe4 Kd7 58. Ke5 Ke7 59.
Kd4 f6 60. gxf6+ Kxf6 61. Ke4 Kf7 62. Ke5 Ke7 63. Kd4 Kf6 64. Ke4 Kg7 65. Ke5
Kf7 66. Kd4 Ke8 67. Ke4 Kd7 68. Ke5 Ke7 69. Kd4 1/2-1/2

[Event "ICS rated blitz match"]
[Site "204.178.125.65"]
[Date "1999.12.10"]
[Round "?"]
[White "robbok1"]
[Black "Hossa"]
[Result "1-0"]
[WhiteElo "2469"]
[BlackElo "2504"]
[PlyCount "75"]

1. e4 e5 2. Nf3 Nc6 3. d4 exd4 4. Bc4 Bc5 5. c3 Nf6 6. cxd4 Bb4+ 7. Bd2 Bxd2+
8. Nbxd2 d5 9. exd5 Nxd5 10. Qb3 Nce7 11. O-O O-O 12. Rfe1 a5 13. a4 c6 14.
Rac1 Ra7 15. Ne4 Bf5 16. Ng3 Bg6 17. Ne5 Qd6 18. Nxg6 fxg6 19. Re5 Qf6 20. Ne4
Qf7 21. Rc3 Kh8 22. Rf3 Nf5 23. g4 Qd7 24. gxf5 Ne7 25. fxg6 Nxg6 26. Rxf8+
Nxf8 27. Qf3 Ra8 28. Ng5 Qxd4 29. Nf7+ Kg8 30. Nh6+ Kh8 31. Qf7 Qxc4 32. Qxc4
gxh6 33. Re7 Ne6 34. Qxe6 Rg8+ 35. Kf1 Rf8 36. Qe5+ Rf6 37. Qxf6+ Kg8 38. Re8#
1-0

[Event "ICS rated blitz match"]
[Site "204.178.125.65"]
[Date "1999.12.10"]
[Round "?"]
[White "Hossa"]
[Black "star"]
[Result "0-1"]
[WhiteElo "2486"]
[BlackElo "2337"]
[PlyCount "201"]

1. e4 c6 2. d4 d5 3. Nd2 dxe4 4. Nxe4 Nf6 5. Nxf6+ exf6 6. Bc4 b5 7. Bb3 a5 8.
a4 Bb4+ 9. c3 bxa4 10. Rxa4 Be7 11. Ne2 Nd7 12. O-O Nb6 13. Ra1 O-O 14. Re1 Re8
15. Nf4 Bd6 16. Rxe8+ Qxe8 17. Be3 Bf5 18. Qh5 g5 19. Ne2 a4 20. Bd1 Nc4 21.
Bc1 Qe6 22. h3 Nb6 23. f4 Bg6 24. Qf3 Be4 25. Qf2 h6 26. Ng3 Bd3 27. fxg5 fxg5
28. Bg4 Qg6 29. Bf3 Bc7 30. Nf1 Re8 31. Ne3 f5 32. Bd1 f4 33. Ng4 Qe6 34. Bd2
Re7 35. Bxa4 Nxa4 36. Rxa4 h5 37. Ra8+ Kg7 38. Ne5 Bxe5 39. dxe5 Qxe5 40. Rd8
Be4 41. b4 h4 42. Ra8 Bd5 43. Ra7 Rxa7 44. Qxa7+ Kg6 45. Qf2 Qe4 46. Qf1 Kf5
47. Kh2 Kf6 48. Qf2 Kg6 49. Qf1 Qe5 50. Qe1 Be4 51. Kg1 Kf5 52. Qf1 f3 53. Be1
Kg6 54. gxf3 Bf5 55. Bf2 Qxc3 56. Qg2 Qxb4 57. f4 Qxf4 58. Qxc6+ Kh7 59. Qb7+
Kh6 60. Qc6+ Bg6 61. Qc8 Qf3 62. Qh8+ Bh7 63. Qc8 Qe4 64. Qf8+ Kh5 65. Qg7 Qd3
66. Qe7 Bg6 67. Qe6 Qb1+ 68. Kh2 Qc2 69. Kg1 Qc1+ 70. Kg2 Qf4 71. Kg1 Qf3 72.
Qc8 Bf7 73. Qd7 Kh6 74. Qd6+ Kh7 75. Qe7 Qf4 76. Kg2 Kg6 77. Be1 Bd5+ 78. Kg1
Qf3 79. Qe8+ Kh7 80. Qd7+ Kh6 81. Qg4 Qe3+ 82. Kf1 Be6 83. Bd2 Qd3+ 84. Qe2
Bxh3+ 85. Ke1 Qd5 86. Bc3 Qh1+ 87. Kd2 Bf5 88. Bd4 Qc6 89. Qe5 Kg6 90. Bc5 Qa8
91. Bd4 Qe4 92. Qxe4 Bxe4 93. Bf2 Kh5 94. Ke3 Bc6 95. Be1 Kg4 96. Bc3 Kg3 97.
Bf6 g4 98. Be5+ Kg2 99. Kf4 Bf3 100. Ke3 h3 101. Kf4 0-1

[Event "ICS rated blitz match"]
[Site "204.178.125.65"]
[Date "1999.12.10"]
[Round "?"]
[White "star"]
[Black "Hossa"]
[Result "0-1"]
[WhiteElo "2359"]
[BlackElo "2464"]
[PlyCount "168"]

1. d4 Nf6 2. c4 c6 3. Nc3 d5 4. f3 dxc4 5. e4 b5 6. Bf4 Nbd7 7. a4 b4 8. Na2 b3
9. Nc3 Ba6 10. g4 e6 11. Nge2 Bb4 12. g5 Nh5 13. Be3 Qc7 14. Bh3 O-O 15. Bg4
Bxc3+ 16. bxc3 g6 17. Bxh5 gxh5 18. Qd2 Rfd8 19. Qb2 c5 20. h4 Qa5 21. Kf2 Bb7
22. Rhd1 cxd4 23. cxd4 Bc6 24. Bd2 Qa6 25. Bf4 Nf8 26. a5 Ng6 27. Bg3 Rd7 28.
Nf4 Nxf4 29. Bxf4 Rc8 30. Be5 Ba8 31. Rdb1 Rb7 32. Qa3 Rd8 33. Ke3 Qb5 34. a6
Rbd7 35. Rb2 Rc8 36. Rc1 Bc6 37. Kf2 Rcd8 38. Ke3 Ra8 39. Re2 Qa4 40. Qxa4 Bxa4
41. Rxc4 Bb5 42. Rb4 Bxe2 43. Kxe2 Rdd8 44. Rxb3 Rdc8 45. Ra3 Rc2+ 46. Kd3 Rf2
47. Ke3 Rf1 48. Rc3 Re1+ 49. Kf4 Rh1 50. Kg3 Rb1 51. Rc6 Rb6 52. d5 exd5 53.
exd5 Rb5 54. Rd6 Rb6 55. Rxb6 axb6 56. Bc7 Kf8 57. d6 Ke8 58. Bxb6 Rxa6 59. Bc7
Kd7 60. f4 Ra3+ 61. Kg2 Rd3 62. f5 Rd4 63. Kg3 Rg4+ 64. Kh3 Rf4 65. f6 h6 66.
gxh6 Rxf6 67. h7 Rh6 68. Kg3 Rxh7 69. Kf4 Ke6 70. Ke4 f5+ 71. Kd4 Rd7 72. Kc5
f4 73. Kc6 f3 74. Bb6 Rxd6+ 75. Kb5 Rxb6+ 76. Kxb6 Kd5 77. Kc7 f2 78. Kd7 f1=Q
79. Kc7 Qf4+ 80. Kb6 Qxh4 81. Kb7 Kd6 82. Kb6 Qb4+ 83. Ka7 Kc7 84. Ka8 Qa4# 0-1

[Event "ICS rated blitz match"]
[Site "204.178.125.65"]
[Date "1999.12.10"]
[Round "?"]
[White "sergor"]
[Black "Hossa"]
[Result "0-1"]
[WhiteElo "2412"]
[BlackElo "2475"]
[PlyCount "144"]

1. d4 Nf6 2. c4 c6 3. Nc3 d5 4. cxd5 cxd5 5. Bf4 Nc6 6. e3 Bf5 7. Bd3 Bxd3 8.
Qxd3 e6 9. Nf3 Bb4 10. O-O Rc8 11. h3 Bxc3 12. bxc3 O-O 13. Rfc1 Na5 14. Bg5
Nc4 15. Ne5 Qc7 16. Bxf6 gxf6 17. Ng4 Kg7 18. Qe2 f5 19. Nh2 Kg8 20. f3 Qc6 21.
Qf2 f6 22. Nf1 Rf7 23. Qh4 e5 24. Re1 Rg7 25. Ng3 Qe6 26. Nh5 Rg5 27. e4 Qf7
28. g4 dxe4 29. fxe4 Nd2 30. Rf1 Nxf1 31. Rxf1 f4 32. dxe5 Qxh5 33. Qxh5 Rxh5
34. gxh5 fxe5 35. Rc1 Kf7 36. Kf2 Rc4 37. Kf3 b5 38. Kg4 Kf6 39. Rd1 Ke6 40.
Rd3 Rxe4 41. Rd8 Rc4 42. Re8+ Kf6 43. Rf8+ Kg7 44. Re8 f3+ 45. Kxf3 Kf6 46.
Rf8+ Kg5 47. Rf7 h6 48. Rxa7 Rxc3+ 49. Ke4 Rxh3 50. Rg7+ Kxh5 51. Kxe5 Rh1 52.
Rb7 Rg1 53. Kf4 Rg5 54. Kf3 Kh4 55. a4 Rg3+ 56. Kf2 bxa4 57. Rb4+ Rg4 58. Rb6
h5 59. Rb5 a3 60. Ra5 Rg3 61. Kf1 Kg4 62. Ra4+ Kh3 63. Ra5 h4 64. Ra4 Rb3 65.
Kf2 Rb2+ 66. Kf3 a2 67. Ra8 Kh2 68. Kg4 Kg2 69. Kxh4 Kf3 70. Ra3+ Ke2 71. Kg3
Rb3+ 72. Rxb3 a1=Q 0-1